000 00789nam a2200241 i 4500
001 35104
003 ES-MaACL
005 20250813111916.0
007 t|
008 140916s2013 sp a |||| | spa d
020 _a978-84-15798-05-7
080 _a001(460)"04/14"
100 1 _aGarcía Camarero, Enrique,
_d1941-
_954319
245 1 3 _aLa ciencia en la historia de España.
_nI,
_pLa Edad Media (ss.VI-XIV) /
_cEnrique García Camarero.
250 _a1ª ed.
260 _aSant Cugat [del Vallès] :
_bArpegio,
_c2013.
300 _a385 p. :
_bil. ;
_c24 cm.
504 _aBibliografía: p. [387-397]
650 4 _aCiencia-
_zEspaña
_910941
852 _aES-MaACL
_jA-13246
_936391
_bR.149972
_cDEPO1
_dOlim: N-6246
942 _2udc
_cMONOGRAFIA
999 _c35104
_d35104